[Event "d16"]
[Site "?"]
[Date "2014.03.30"]
[Round "9.20"]
[White "Walkowiak, Bogumila"]
[Black "Trybowska, Anna"]
[Result "0-1"]
[LiveChessVersion "1.4.2"]
[BlackElo "1367"]
[WhiteElo "1230"]

1. e4 {[%clk 1:30:58]} e5 {[%clk 1:30:57]} 2. Nf3 {[%clk 1:31:18]} Nc6
{[%clk 1:31:23]} 3. Bc4 {[%clk 1:30:40]} h6 {[%clk 1:31:35]} 4. d3
{[%clk 1:30:06]} Nf6 {[%clk 1:31:55]} 5. Nc3 {[%clk 1:28:55]} Bb4
{[%clk 1:32:16]} 6. Bd2 {[%clk 1:28:24]} d6 {[%clk 1:32:30]} 7. h3
{[%clk 1:27:46]} O-O {[%clk 1:32:51]} 8. O-O {[%clk 1:26:44]} Nh7
{[%clk 1:32:33]} 9. Bb3 {[%clk 1:17:40]} Kh8 {[%clk 1:32:29]} 10. Nd5
{[%clk 1:12:57]} Bxd2 {[%clk 1:31:45]} 11. Nxd2 {[%clk 1:06:02]} Nd4
{[%clk 1:30:13]} 12. c3 {[%clk 0:58:21]} Ne6 {[%clk 1:27:24]} 13. Ne3
{[%clk 0:46:47]} Nf4 {[%clk 1:26:41]} 14. Nf3 {[%clk 0:41:25]} f5
{[%clk 1:24:49]} 15. Bc2 {[%clk 0:35:19]} fxe4 {[%clk 1:25:06]} 16. dxe4
{[%clk 0:35:09]} Qf6 {[%clk 1:22:13]} 17. Nd5 {[%clk 0:28:14]} Nxd5
{[%clk 1:21:20]} 18. exd5 {[%clk 0:25:29]} Bxh3 {[%clk 1:18:59]} 19. Nxe5
{[%clk 0:23:19]} Qxe5 {[%clk 1:16:37]} 20. gxh3 {[%clk 0:21:41]} Ng5
{[%clk 1:16:17]} 21. f4 {[%clk 0:19:09]} Qe3+ {[%clk 1:15:57]} 22. Kh2
{[%clk 0:18:12]} Qxh3+ {[%clk 1:16:11]} 23. Kg1 {[%clk 0:17:50]} Qg3+
{[%clk 1:16:21]} 24. Kh1 {[%clk 0:17:38]} Nh3 {[%clk 1:16:29]} 25. Qd3
{[%clk 0:15:24]} Qxd3 {[%clk 1:16:32]} 26. Bxd3 {[%clk 0:15:46]} Rxf4
{[%clk 1:16:29]} 27. Rxf4 {[%clk 0:15:53]} Nxf4 {[%clk 1:16:54]} 28. Bc4
{[%clk 0:16:07]} Re8 {[%clk 1:17:08]} 29. Rf1 {[%clk 0:14:25]} g5
{[%clk 1:17:23]} 30. Bb3 {[%clk 0:13:31]} Kg7 {[%clk 1:17:34]} 31. Rf2
{[%clk 0:12:55]} Re1+ {[%clk 1:17:47]} 32. Kh2 {[%clk 0:12:53]} Re2
{[%clk 1:18:11]} 33. Rxe2 {[%clk 0:13:17]} Nxe2 {[%clk 1:18:36]} 34. Kg2
{[%clk 0:13:33]} Kf6 {[%clk 1:19:00]} 35. Kf3 {[%clk 0:13:36]} Nc1
{[%clk 1:19:24]} 36. Bc4 {[%clk 0:13:27]} a6 {[%clk 1:18:52]} 37. a4
{[%clk 0:13:33]} b5 {[%clk 1:18:59]} 38. axb5 {[%clk 0:13:35]} axb5
{[%clk 1:19:25]} 39. Bxb5 {[%clk 0:13:39]} Nb3 {[%clk 1:19:48]} 40. Kg4
{[%clk 0:42:16]} Nc5 {[%clk 1:49:14]} 41. b4 {[%clk 0:39:02]} Ne4
{[%clk 1:49:16]} 42. c4 {[%clk 0:38:06]} Nf2+ {[%clk 1:48:52]} 43. Kh5
{[%clk 0:37:44]} Kg7 {[%clk 1:45:30]} 44. c5 {[%clk 0:37:26]} dxc5
{[%clk 1:45:24]} 45. bxc5 {[%clk 0:37:29]} Ne4 {[%clk 1:45:50]} 46. d6
{[%clk 0:36:58]} Nf6# 0-1

[Event "d16"]
[Site "?"]
[Date "2014.03.30"]
[Round "9.21"]
[White "Mazgaj, Zuzanna"]
[Black "Maciak, Gabriela"]
[Result "1-0"]
[LiveChessVersion "1.4.2"]
[BlackElo "1428"]
[WhiteElo "1378"]

1. c4 {[%clk 1:30:59]} Nf6 {[%clk 1:30:28]} 2. Nc3 {[%clk 1:31:16]} e6
{[%clk 1:29:34]} 3. d4 {[%clk 1:29:24]} d5 {[%clk 1:27:14]} 4. Bg5
{[%clk 1:29:24]} c6 {[%clk 1:22:33]} 5. cxd5 {[%clk 1:23:35]} cxd5
{[%clk 1:22:41]} 6. a3 {[%clk 1:20:53]} Nbd7 {[%clk 1:14:50]} 7. e3
{[%clk 1:17:47]} a6 {[%clk 1:08:07]} 8. Nf3 {[%clk 1:14:01]} Bd6 {[%clk 0:58:09]}
9. Bd3 {[%clk 1:14:01]} h6 {[%clk 0:43:07]} 10. Bh4 {[%clk 1:13:36]} Qb6
{[%clk 0:37:47]} 11. Qd2 {[%clk 1:06:41]} O-O {[%clk 0:35:20]} 12. O-O
{[%clk 1:04:23]} Re8 {[%clk 0:27:11]} 13. Be2 {[%clk 1:00:08]} Qa7
{[%clk 0:25:30]} 14. Rfc1 {[%clk 0:52:39]} b5 {[%clk 0:20:49]} 15. Bxf6
{[%clk 0:42:16]} Nxf6 {[%clk 0:21:12]} 16. Na2 {[%clk 0:39:10]} Bb7
{[%clk 0:18:17]} 17. Nb4 {[%clk 0:38:38]} Rac8 {[%clk 0:18:15]} 18. Bd3
{[%clk 0:35:00]} Qb6 {[%clk 0:15:20]} 19. Na2 {[%clk 0:30:00]} Nd7
{[%clk 0:09:47]} 20. Qe2 {[%clk 0:25:49]} Qa7 {[%clk 0:07:19]} 21. Nc3
{[%clk 0:23:36]} f6 {[%clk 0:06:20]} 22. Nh4 {[%clk 0:23:41]} e5 {[%clk 0:06:01]}
23. Bf5 {[%clk 0:23:05]} Rc7 {[%clk 0:05:58]} 24. Qg4 {[%clk 0:23:25]} Rd8
{[%clk 0:05:13]} 25. Be6+ {[%clk 0:23:25]} Kh8 {[%clk 0:05:05]} 26. Ng6+
{[%clk 0:23:18]} Kh7 {[%clk 0:05:25]} 27. Qf5 {[%clk 0:23:40]} Nf8
{[%clk 0:04:23]} 28. Nxf8+ {[%clk 0:24:04]} Kh8 {[%clk 0:04:49]} 29. Qh7# 1-0

[Event "d16"]
[Site "?"]
[Date "2014.03.30"]
[Round "9.22"]
[White "Losinska, Aleksandra"]
[Black "Wawrzynowicz, Marta"]
[Result "0-1"]
[LiveChessVersion "1.4.2"]
[BlackElo "1487"]
[WhiteElo "1377"]

1. e4 {[%clk 1:30:59]} e6 {[%clk 1:30:55]} 2. d4 {[%clk 1:31:23]} d5
{[%clk 1:31:19]} 3. Nc3 {[%clk 1:31:42]} Bb4 {[%clk 1:31:35]} 4. Nge2
{[%clk 1:31:56]} Nf6 {[%clk 1:25:53]} 5. Bg5 {[%clk 1:30:02]} h6 {[%clk 1:25:27]}
6. Bxf6 {[%clk 1:23:43]} Qxf6 {[%clk 1:25:16]} 7. a3 {[%clk 1:20:22]} Bxc3+
{[%clk 1:22:17]} 8. Nxc3 c6 {[%clk 1:20:59]} 9. Be2 {[%clk 1:18:50]} Qg6
{[%clk 1:18:56]} 10. Bf3 {[%clk 1:18:01]} O-O {[%clk 1:17:14]} 11. O-O
{[%clk 1:12:55]} f5 {[%clk 1:15:43]} 12. exd5 {[%clk 1:07:57]} exd5
{[%clk 1:07:28]} 13. Re1 {[%clk 1:03:13]} Nd7 {[%clk 1:02:32]} 14. Ne2
{[%clk 0:39:43]} f4 {[%clk 0:53:04]} 15. Nc1 {[%clk 0:30:06]} Nb6
{[%clk 0:50:50]} 16. Kh1 {[%clk 0:21:59]} Bd7 {[%clk 0:47:27]} 17. Nd3
{[%clk 0:21:26]} Rae8 {[%clk 0:43:08]} 18. Ne5 {[%clk 0:19:21]} Qd6
{[%clk 0:39:23]} 19. Bh5 {[%clk 0:10:43]} Re6 {[%clk 0:35:06]} 20. Bg4
{[%clk 0:10:23]} Re7 {[%clk 0:34:20]} 21. Bh5 {[%clk 0:08:40]} Bf5
{[%clk 0:32:52]} 22. Qd2 {[%clk 0:07:18]} Nd7 {[%clk 0:28:39]} 23. Nxd7
{[%clk 0:02:01]} Rxd7 {[%clk 0:27:41]} 24. c3 {[%clk 0:01:56]} Be4
{[%clk 0:26:22]} 25. Qe2 {[%clk 0:01:07]} Qf6 {[%clk 0:23:55]} 26. Bf3
{[%clk 0:01:11]} Re7 {[%clk 0:23:41]} 27. Rac1 {[%clk 0:01:07]} Rfe8
{[%clk 0:23:47]} 28. Red1 {[%clk 0:00:41]} g5 {[%clk 0:19:26]} 29. Bh5
{[%clk 0:00:38]} Bxg2+ {[%clk 0:19:47]} 0-1

[Event "d16"]
[Site "?"]
[Date "2014.03.30"]
[Round "9.23"]
[White "Bednarczyk, Katarzyna"]
[Black "Klisz, Karolina"]
[Result "0-1"]
[LiveChessVersion "1.4.2"]
[BlackElo "1415"]
[WhiteElo "1372"]

1. e4 e6 2. d3 d5 3. Nd2 c5 4. Ngf3 Nc6 5. g3 Bd6 6. Bg2 Nge7 7. O-O O-O 8. Re1
f6 9. Nf1 d4 10. h4 Qc7 11. N1h2 e5 12. g4 Bd7 13. h5 g6 14. Bh6 Rf7 15. Nh4 gxh5
16. Nf5 Kh8 17. Nxe7 Bxe7 18. gxh5 Rg8 19. Kh1 Nd8 20. Rg1 Bf8 21. Qd2 Qb6 22. b3
f5 23. Bxf8 Rfxf8 24. Bh3 Qc6 25. Rxg8+ Rxg8 26. Rg1 Nf7 27. Bg2 f4 28. Nf3 Bg4
29. Nh4 Qh6 30. f3 Bxh5 31. Qf2 Ng5 32. Nf5 Qe6 33. Qf1 Bg6 34. Bh3 Bxf5 35. exf5
Qh6 36. Kh2 Qh5 37. a4 Nxf3+ 38. Kh1 Rxg1+ 39. Qxg1 Qxh3+ 0-1

[Event "d16"]
[Site "?"]
[Date "2014.03.30"]
[Round "9.24"]
[White "Kowacz, Agnieszka"]
[Black "Strozyk, Aleksandra"]
[Result "1-0"]
[LiveChessVersion "1.4.2"]
[BlackElo "1392"]
[WhiteElo "1352"]

1. b4 e5 2. b5 d5 3. Bb2 Bd6 4. e3 Nf6 5. c4 dxc4 6. Bxc4 e4 7. Ne2 O-O 8. Qc2
Re8 9. O-O Bxh2+ 10. Kh1 Ng4 11. g3 Qd6 12. Kg2 Qh6 13. Rh1 Nd7 14. Nf4 Ndf6 15.
Qb3 g5 16. Bxf7+ Kh8 17. Bxe8 gxf4 18. Bxf6+ Qxf6 19. Qc3 f3+ 20. Kf1 Nxe3+ 21.
dxe3 Bh3+ 22. Ke1 Qxc3+ 23. Nxc3 Rxe8 24. Rxh2 Bf5 25. Rd1 1-0

[Event "d16"]
[Site "?"]
[Date "2014.03.30"]
[Round "9.25"]
[White "Chadzynska, Magdalena"]
[Black "Stolecka, Greta"]
[Result "1/2-1/2"]
[LiveChessVersion "1.4.2"]
[BlackElo "1211"]
[WhiteElo "1383"]

1. e4 c5 2. Nc3 Nc6 3. g3 g6 4. Bg2 Bg7 5. d3 Nf6 6. Be3 d6 7. h3 Be6 8. Qd2 O-O
9. Bh6 d5 10. exd5 Nxd5 11. Nge2 Qd7 12. h4 Nxc3 13. Nxc3 Nd4 14. Bxg7 Kxg7 15.
O-O-O h5 16. Kb1 Rab8 17. Qf4 Qd6 18. Qxd6 exd6 19. Rde1 Rfe8 20. Bd5 Bxd5 21.
Nxd5 Nf3 22. Re3 Rxe3 23. fxe3 Re8 24. e4 a6 25. Kc1 Re5 26. Rf1 Nd4 27. Kd2 f5
28. Nc3 b5 29. exf5 Nxf5 30. Rf3 Nd4 31. Rf2 Rf5 32. Ne4 Rxf2+ 33. Nxf2 Kf7 34.
Ne4 Nf5 35. Ke1 Ke6 36. Kf2 Ke5 37. c3 c4 38. Ke2 a5 39. Kd2 d5 40. Nc5 Nxg3 41.
d4+ Kf4 42. Ne6+ Kg4 43. Ke1 Kxh4 44. Nf4 Kg5 45. Nxd5 h4 46. Kf2 Ne4+ 47. Kg2
Nd6 48. Kh3 Kf5 49. Kxh4 g5+ 50. Kh5 Ke4 51. Nf6+ Kf5 52. Nd5 Ke4 53. Nf6+
1/2-1/2

[Event "d16"]
[Site "?"]
[Date "2014.03.30"]
[Round "9.26"]
[White "Kruszewska, Justyna"]
[Black "Sendobry, Anna"]
[Result "1-0"]
[LiveChessVersion "1.4.2"]
[BlackElo "1353"]
[WhiteElo "1328"]

1. d4 d5 2. c4 e6 3. Nc3 Nf6 4. Bg5 Be7 5. Nf3 O-O 6. Qc2 Nbd7 7. e3 h6 8. Bf4 b6
9. cxd5 Nxd5 10. Nxd5 exd5 11. Qxc7 Bb4+ 12. Nd2 Qxc7 13. Bxc7 Nf6 14. Bd3 Bb7
15. a3 Bxd2+ 16. Kxd2 Rac8 17. Rac1 Rfe8 18. Rc2 Re7 19. Rhc1 Ne4+ 20. Ke2 Ng5
21. Bd6 Rxc2+ 22. Rxc2 Rd7 23. Rc7 Rxc7 24. Bxc7 Kf8 25. a4 Ne6 26. Bb8 a6 27.
Ba7 Ke7 28. Bxb6 Kd6 29. b4 Nc7 30. Bxc7+ Kxc7 31. Kd2 Kb6 32. Kc3 Bc6 33. Kb3 g5
34. g4 Bd7 35. h3 a5 36. f3 Be6 37. Bb5 f5 38. bxa5+ Kxa5 39. Kc3 Bc8 40. Kd3 f4
41. e4 Bb7 42. e5 Bc8 43. Kc3 Be6 44. Kb3 Bc8 45. Ka3 Be6 46. Bd3 Bd7 47. Bc2 Be8
48. e6 h5 49. e7 hxg4 50. hxg4 Bd7 51. Bb3 Bc6 52. Bxd5 Bxa4 53. Bf7 1-0

[Event "d16"]
[Site "?"]
[Date "2014.03.30"]
[Round "9.27"]
[White "Tomys, Wiktoria"]
[Black "Kordela, Monika"]
[Result "0-1"]
[LiveChessVersion "1.4.2"]
[BlackElo "1312"]
[WhiteElo "1369"]

1. e4 c5 2. Nf3 d6 3. d4 cxd4 4. Nxd4 Nf6 5. Nc3 g6 6. Be2 Bg7 7. Be3 O-O 8. Qd2
Nc6 9. f3 Bd7 10. Nxc6 Bxc6 11. g4 a6 12. Bh6 Bh8 13. Bxf8 Kxf8 14. h4 h5 15.
gxh5 Nxh5 16. O-O-O Rc8 17. Rhg1 b5 18. f4 b4 19. Nb1 Bxe4 20. Bd3 Bxd3 21. Qxd3
Nxf4 22. Qf3 Qc7 23. Rd2 d5 24. Rf1 e5 25. Qb3 a5 26. a3 Qc5 27. axb4 axb4 28.
Rxf4 exf4 29. Rxd5 Qe3+ 30. Qxe3 fxe3 31. Rd1 Re8 32. Re1 f5 33. c3 bxc3 34. Nxc3
Bxc3 35. bxc3 Re4 36. Kc2 f4 37. Kd3 Re6 38. Ke2 Kg7 39. Rg1 Kh6 40. Rg5 f3+ 41.
Ke1 f2+ 42. Ke2 Rf6 43. Kf1 e2+ 0-1

[Event "d16"]
[Site "?"]
[Date "2014.03.30"]
[Round "9.28"]
[White "Grzesiek, Wiktoria"]
[Black "Stochnialek, Dominika"]
[Result "1/2-1/2"]
[LiveChessVersion "1.4.2"]
[BlackElo "1366"]
[WhiteElo "1424"]

1. e4 e5 2. Nf3 Nc6 3. Bb5 a6 4. Ba4 Bc5 5. O-O d6 6. c3 Bg4 7. d4 exd4 8. cxd4
Bxf3 9. gxf3 Ba7 10. d5 b5 11. Bxb5 axb5 12. dxc6 Ne7 13. Nc3 Rb8 14. Qc2 O-O 15.
Bg5 f6 16. Bf4 Kh8 17. Rac1 Qe8 18. Nd5 Nxd5 19. exd5 Qh5 20. Qd3 Rfe8 21. Rce1
Rxe1 22. Rxe1 Qh4 23. Bg3 Qc4 24. Qe4 h6 25. Qe6 Bb6 26. Qf7 Qxa2 27. Re8+ Rxe8
28. Qxe8+ Kh7 29. Qe4+ Kh8 30. Qe8+ Kh7 31. Qe4+ Kh8 32. Qe8+ Kh7 33. Qe4+ Kh8
1/2-1/2